000 00943cab a2200241 4500
001 WB3128-14
008 090401t1995 xxu||||| |||| 00| 0 eng d
035 _a(Sirsi) u35398
041 _aeng
245 _aCall for tunnel link compensation
260 _c1995
350 _a0
490 _aDaily Telegraph
_v17 July 1995, 4
490 _aFinancial Times
_v25 July 1995, 6
520 _aThe Parliamentary Ombudsman`s Select Committee backs the Ombudsman`s decision that the DTp should compensate homeowners whose properties are blighted by the proposed Channel Tunnel rail link. Highlights the plight of one couple unable to sell their blighted property.
650 _aBLIGHT
650 _aCHANNEL TUNNEL RAIL LINK
650 _aCOMPENSATION
650 _aPARLIAMENTARY OMBUDSMAN
690 _aENVIRONMENTAL AND LAND CONSULTANCY-PLANNING AND DEVELOPMENT-COMPULSORY PURCHASE AND COMPENSATION
942 _n0
948 _c04/03/1997
999 _c23184
_d23184